000 00325 a2200145 4500
001 147746
040 _cEscola São Tomás de Aquino
100 _aJUNQUEIRA, Sonia
240 1 0 _aO mistério da lua
_lpor
245 1 0 _aO mistério da lua
300 _a24
362 0 _a2010
697 _a*LITERATURA INFANTIL
942 _cBK
999 _c147746
_d147746